Politique Française en T - Statistiques

Statistiques générales
  • Ce quiz a été pris 152 fois
  • Le résultat moyen est 6 sur 10
Statistiques - réponses
Hint Réponse % Correct
Garde des Sceaux de 2012 à 2016 sous la présidence Hollande. Elle a porté le projet de loi du Mariage pour Tous. Christiane Taubira
97%
Homme d’affaires, ancien propriétaire d’Adidas et de l’Olympique de Marseille, il a été député et ministre de la Ville. Bernard Tapie
94%
Concept en vigueur sous l’Ancien Régime qui englobe toutes les personnes n’appartenant ni à la noblesse ni au clergé. Tiers-Etat
83%
Texte fondateur de l’Union Européenne, ratifié par la France et 11 autres Etats en 1992. Traité de Maastricht
70%
Député Rassemblement National de la Somme depuis 2022, il est président délégué du groupe RN à l’Assemblée Nationale. Ouvertement homosexuel, il milite pour les droits des personnes homosexuelles au sein de son parti. Jean-Philippe Tanguy
61%
Mesure fiscale environnementale cherchant à inciter à une réduction des émissions de gaz à effet de serre. Taxe carbone
57%
Nom de jeune fille de Brigitte Macron Trogneux
47%
Ensemble des politiques visant à passer à un modèle économique et social respectueux de l’environnement. Transition écologique
44%
Ancienne députée PS, elle a été ministre de la Santé durant l’intégralité de la présidence de François Hollande. Elle y a porté un projet de loi de modernisation du système de santé, instaurant notamment le paquet de tabac neutre. Marisol Touraine
35%
Ancien ministre de la culture et Garde des Sceaux sous différents gouvernements de droite, il a été Défenseur des droits de 2014 à 2020. Jacques Toubon
21%
Aucun quiz correspondant
Distribution des résultats
% des personnes avec chaque résultat
Percentile par nombre de réponses
Votre historique - résultats
Vous n’avez pas pris ce quiz